000 00679nam a22002412 4500
999 _c10439
_d10439
001 0000024962
003 OSt
005 20190207161713.0
008 140402s xx 000 0 eng d
020 _a0853696032 :
040 _aKABU
_cKABU
100 1 _aRees, Judith A.
245 1 0 _aIntroduction to pharmaceutical calculations /
_cJudith A. Rees, Ian Smith, Brian Smith.
250 _a2nd ed.
260 _aLondon :
_bPharmaceutical Press,
_c2005.
300 _axi, 226p.
650 0 _aPharmaceutical arithmetic.
700 1 _aSmith Ian.
700 1 _aSmith, Brian.
908 _a140402
942 _2lcc
_cBK